| 000 | 00427nam a22001337a 4500 | ||
|---|---|---|---|
| 008 | 170302b xxu||||| |||| 00| 0 eng d | ||
| 050 | _aK12.E3575(1987 Vol. 7) | ||
| 245 |
_aLegal Studies: The Journal of the Society of Public Teachers of Law. / _cedited by J. A. Andrews. |
||
| 260 |
_aLondon.: _bButterworths, _c1987. |
||
| 300 |
_aiv, 347p.: _c24cm. |
||
| 440 |
_vvol.7 _x02613875 |
||
| 800 | _aAndrews, J. A. | ||
| 942 |
_2lcc _cBK |
||
| 999 |
_c6309 _d13809 |
||